Linguistique générale et linguistique française /

Bibliographic Details
Main Author: Bally, Charles, 1865-1947
Format: Book
Language:French
Published: Berne : Franke, 1965.
Edition:4. éd., rev. et corr.
Subjects:

MARC

Tag First Indicator Second Indicator Subfields
LEADER 00000cam a2200000 4500
001 in00000008497
005 20151003060026.0
008 740718s1965 xx b 00110 fre d
035 |a (OCoLC)00950415 
035 |9 AAA0890AM 
040 |a MDY  |c MDY  |d m/c  |d TXA  |d UtOrBLW 
050 4 |a P121  |b .B3 1965 
100 1 |a Bally, Charles,  |d 1865-1947. 
245 1 0 |a Linguistique générale et linguistique française /  |c Charles Bally. 
250 |a 4. éd., rev. et corr. 
264 1 |a Berne :  |b Franke,  |c 1965. 
300 |a 440 pages ;  |c 23 cm. 
336 |a text  |b txt  |2 rdacontent 
337 |a unmediated  |b n  |2 rdamedia 
338 |a volume  |b nc  |2 rdacarrier 
504 |a Bibliography: pages [435]-440. 
500 |a Includes index. 
650 0 |a Language and languages. 
650 0 |a Grammar, Comparative and general. 
650 0 |a French language  |x Grammar, Comparative  |x German. 
650 0 |a German language  |x Grammar, Comparative  |x French. 
999 |a MARS 
999 f f |s 9af8c3be-e081-3c03-98d0-7b632ad30908  |i 9fd564ed-28b6-38ac-86e3-4cd919e01635  |t 0 
952 f f |p ric  |a Texas A&M University  |b Rellis Campus  |c Joint Library Facility  |d Remote Storage  |t 0  |e P121 .B3 1965  |h Library of Congress classification  |i unmediated -- volume  |m A14812603691 
998 f f |a P121 .B3 1965  |t 0  |l Remote Storage